000 00566cam a22001932 4500
001 0000019679
005 20151217161148.0
008 110119s xx 000 0 eng d
020 _a1842052594 :
040 _aKABU
_cKABU
245 1 0 _aWebster's concise Dictionary of grammar.
250 _a1st ed.
260 _aNew Lanark, Scotland :
_bGeddes & Grosset,
_c2002.
300 _a187p.
650 0 _aEnglish language
_xGrammar.
_@0000151342
852 1 _9p3195 KES (wholeset)
908 _a110119
950 _@1
999 _c15210
_d15210